[Event "Mechanics' Spring TNM; 30/90, SD/30"]
[Site "San Francisco"]
[Date "2012.04.10"]
[Round "5.28"]
[White "Olson, David"]
[Black "Miller, David"]
[Result "0-1"]
[WhiteElo "1400"]
[BlackElo "1765"]
[PlyCount "60"]
[EventDate "2012.??.??"]

1. e4 c5 2. Nf3 g6 3. d4 cxd4 4. Qxd4 Nf6 5. Bc4 Nc6 6. Qe3 Bg7 7. O-O O-O 8.
c3 d6 9. Rd1 Qc7 10. Nbd2 Bg4 11. h3 Bd7 12. a3 a6 13. b4 b5 14. Bb3 Ne8 15.
Ra2 Ne5 16. Nxe5 Bxe5 17. f4 Qxc3 18. Qf2 Bd4 19. Bb2 Bxf2+ 20. Kxf2 Qc7 21. e5
Be6 22. Rc1 Qb6+ 23. Kg3 Bxb3 24. Raa1 Qe3+ 25. Nf3 Ng7 26. Rc3 Nf5+ 27. Kh2
Qxf4+ 28. Kg1 Bc4 29. exd6 exd6 30. Bc1 Qe4 0-1

[Event "Mechanics' Summer TNM; 30/90, SD/30"]
[Site "San Francisco"]
[Date "2012.06.05"]
[Round "3.16"]
[White "Olson, David"]
[Black "Otterbach, Renate"]
[Result "1-0"]
[WhiteElo "1400"]
[BlackElo "700"]
[PlyCount "70"]
[EventDate "2012.??.??"]

1. e4 e5 2. Nf3 Nc6 3. Bc4 Bc5 4. Nc3 Nf6 5. O-O O-O 6. Na4 Bb4 7. c3 Bd6 8. b4
a6 9. Nc5 b5 10. Bd5 Nxd5 11. exd5 Ne7 12. Re1 Nxd5 13. Nxe5 Qf6 14. Nexd7 Bxd7
15. Nxd7 Qh6 16. g3 Rfd8 17. Ne5 Re8 18. Ng4 Qg6 19. Bb2 f5 20. Ne3 Nf4 21. Qf3
Nh3+ 22. Kh1 Rf8 23. Qd5+ Kh8 24. f4 Nf2+ 25. Kg2 Ne4 26. d3 Nf6 27. Qxf5 Qh5
28. Qxh5 Nxh5 29. Nd5 Rf5 30. c4 Bxb4 31. Nxb4 h6 32. Re5 Raf8 33. Rxf5 Rxf5
34. Re1 Rc5 35. Re7 Kh7 1-0

[Event "Mechanics' Fall TNM; 30/90, SD/30"]
[Site "San Francisco"]
[Date "2012.11.27"]
[Round "7.26"]
[White "Olson, David"]
[Black "Rubandhas, Samprabhu"]
[Result "1/2-1/2"]
[WhiteElo "1529"]
[BlackElo "1266"]
[PlyCount "142"]
[EventDate "2012.??.??"]

1. e4 d5 2. e5 Bf5 3. d4 e6 4. Nf3 c5 5. c4 Nc6 6. Bg5 Qb6 7. dxc5 Bxc5 8. Qd2
d4 9. a3 Nb4 10. Nxd4 Nc6 11. Nxf5 exf5 12. Bd3 Nxe5 13. Nc3 Qe6 14. O-O-O Ne7
15. Rhe1 Rd8 16. Nd5 O-O 17. f4 Nxd3+ 18. Qxd3 Rxd5 19. cxd5 Qd7 20. d6 Nc8 21.
Be7 Re8 22. Re5 Bb6 23. Qxf5 Qxf5 24. Rxf5 Nxe7 25. dxe7 Rxe7 26. Re5 Rc7+ 27.
Kb1 h6 28. g4 f6 29. Red5 Be3 30. f5 Bg5 31. Rd7 Rc4 32. h3 h5 33. gxh5 Rh4 34.
R1d3 Rxh5 35. Rxb7 Bh6 36. Rf3 Rg5 37. Rxa7 Rg1+ 38. Ka2 Rg2 39. Kb3 Bc1 40.
Rc3 Rxb2+ 41. Ka4 Bh6 42. Rb3 Rf2 43. Ra5 Bd2 44. Rd5 Bh6 45. Kb5 Rg2 46. a4
Ra2 47. a5 Bd2 48. a6 Ra5+ 49. Kb6 Rxd5 50. a7 Ba5+ 51. Ka6 Bc7 52. Rb8+ Kh7
53. Rc8 Ra5+ 54. Kb7 Rxa7+ 55. Kxa7 Bf4 56. Rc4 Bh6 57. Kb6 Kg8 58. Rc7 Kh7 59.
h4 Kg8 60. h5 Bg5 61. Kc6 Kh7 62. Kd5 Bh6 63. Ke6 Kg8 64. Rc4 Bg5 65. Rg4 Kf8
66. Rg2 Bh6 67. Rg6 Bg5 68. Kd5 Bh6 69. Ke4 Kg8 70. Kf3 Kh7 71. Kg4 Kg8 1/2-1/2

[Event "Mechanics' Mar TNM; 30/90, SD/30"]
[Site "San Francisco"]
[Date "2012.08.28"]
[Round "5.22"]
[White "Olson, David"]
[Black "Russell, Ryan"]
[Result "1-0"]
[WhiteElo "1400"]
[BlackElo "1731"]
[PlyCount "74"]
[EventDate "2012.??.??"]

1. e4 e5 2. Bc4 Nf6 3. Nf3 d5 4. exd5 Nxd5 5. O-O Nc6 6. Re1 Bg4 7. h3 Bxf3 8.
Qxf3 Nf6 9. c3 Bd6 10. d4 O-O 11. d5 Ne7 12. Bg5 Ng6 13. Nd2 h6 14. Be3 Re8 15.
g4 e4 16. Qh1 a6 17. g5 hxg5 18. Bxg5 Bf4 19. Nxe4 Bxg5 20. Nxg5 Rxe1+ 21. Rxe1
b5 22. Bb3 Nf4 23. d6 cxd6 24. Nxf7 Qb8 25. Nxd6+ Kh7 26. Bc2+ Kg8 27. Qf3
Nxh3+ 28. Kg2 Nxf2 29. Re6 N2g4 30. Bb3 Kh8 31. Re7 Nh6 32. Qg3 Ra7 33. Nf7+
Nxf7 34. Qxb8+ Ng8 35. Rxa7 Nfh6 36. Ra8 Kh7 37. Bxg8+ Nxg8 1-0

[Event "Mechanics' Mar TNM; 30/90, SD/30"]
[Site "San Francisco"]
[Date "2012.08.07"]
[Round "2.21"]
[White "Olson, David"]
[Black "Sherwood, Peter"]
[Result "1/2-1/2"]
[WhiteElo "1400"]
[BlackElo "1784"]
[Annotator "Donaldson"]
[PlyCount "112"]
[EventDate "2012.??.??"]

1. e4 c5 2. Bc4 Nc6 3. a3 d6 (3... e6 4. Nc3 Nf6) 4. Nf3 Nf6 5. d3 Bg4 6. c3 e6
7. Nbd2 Be7 8. O-O O-O 9. b4 Ne5 10. Qe2 Nxc4 11. Nxc4 Rc8 12. Bb2 Re8 13. Ne3
Bh5 14. h3 Qc7 15. Rac1 Qd7 (15... d5) 16. g4 Bg6 17. Kh1 Qb5 (17... Qc6 {
idea ...c4}) 18. c4 Qb6 19. b5 a6 20. a4 Ra8 21. Ra1 Nd7 22. a5 Qd8 23. b6 Bf6
24. Rg1 Bxb2 25. Qxb2 Qf6 26. Qe2 Ne5 27. Nxe5 Qxe5 28. Rac1 Rac8 29. Ng2 d5
30. f4 Qd4 31. Rce1 dxe4 32. dxe4 Qc3 33. Kh2 Qxa5 34. Qb2 Red8 $2 (34... f6)
35. f5 Rd4 36. fxg6 hxg6 37. Ra1 Qb4 38. Qxb4 cxb4 39. Rgc1 Rdxc4 40. Rxc4 Rxc4
41. Rxa6 b3 42. Ra1 Rb4 43. Rb1 Rxb6 44. Rb2 e5 45. Ne3 f6 46. Kg3 Kf7 47. Nc4
Rb4 48. Nd2 Ke6 49. Rxb3 Rxb3+ 50. Nxb3 Kd6 51. Kf3 b5 52. Ke3 Ke6 53. Nc5+ Kd6
54. Nb3 Ke6 55. Nc5+ Kd6 56. Nb3 Ke6 1/2-1/2

[Event "Mechanics' Winter TNM; 30/90, SD/30"]
[Site "San Francisco"]
[Date "2012.01.17"]
[Round "3.26"]
[White "Olson, David"]
[Black "Starr, Albert"]
[Result "1-0"]
[WhiteElo "1404"]
[BlackElo "1519"]
[PlyCount "43"]
[EventDate "2012.??.??"]

1. e4 e5 2. Nf3 Nf6 3. Nc3 Bb4 4. d3 h6 5. a3 Bxc3+ 6. bxc3 d6 7. Be2 O-O 8.
O-O Bg4 9. h3 Bh5 10. g4 Bg6 11. g5 hxg5 12. Bxg5 Qd7 13. Kh2 Nh7 14. Qd2 Nxg5
15. Qxg5 Nc6 16. Nh4 Ne7 17. Rg1 f6 18. Qg3 Kf7 19. Nxg6 Rg8 20. Bh5 Ke6 21. f4
Nxg6 22. Bg4+ 1-0

[Event "Mechanics' Fall TNM; 30/90, SD/30"]
[Site "San Francisco"]
[Date "2012.12.04"]
[Round "8.23"]
[White "Otterbach, Renate"]
[Black "Agdamag, Samuel"]
[Result "0-1"]
[WhiteElo "1720"]
[BlackElo "1413"]
[PlyCount "62"]
[EventDate "2012.??.??"]

1. d4 d5 2. b3 e6 3. e3 Nf6 4. Bd3 b6 5. Bb2 Nbd7 6. Nd2 Bb7 7. Ngf3 c5 8. Qe2
Rc8 9. O-O Bd6 10. c3 Qc7 11. Ne5 Nxe5 12. dxe5 Bxe5 13. Bb5+ Ke7 14. f4 Bd6
15. c4 a6 16. Bxf6+ gxf6 17. Ba4 Rcg8 18. Rf2 Rg7 19. Nf1 Rhg8 20. Ng3 Kd8 21.
Rd1 Kc8 22. f5 Bxg3 23. Rf3 Bxh2+ 24. Kf1 Rg3 25. fxe6 Rxf3+ 26. Qxf3 d4 27.
Bd7+ Kb8 28. exf7 Rf8 29. Qxf6 Qxd7 30. Qe5+ Bxe5 31. exd4 Rxf7+ 0-1

[Event "Mechanics' Summer TNM; 30/90, SD/30"]
[Site "San Francisco"]
[Date "2012.06.19"]
[Round "5.28"]
[White "Otterbach, Renate"]
[Black "Harris, Clarence"]
[Result "0-1"]
[WhiteElo "700"]
[BlackElo "1335"]
[PlyCount "54"]
[EventDate "2012.??.??"]

1. e4 e5 2. Nf3 Nc6 3. Bc4 Nf6 4. c3 Nxe4 5. Qe2 Nd6 6. d4 Nxc4 7. Qxc4 d5 8.
Qe2 e4 9. Ne5 Nxe5 10. dxe5 Be7 11. O-O Be6 12. Rd1 Qc8 13. b4 O-O 14. Be3 Bg4
15. Qc2 Bxd1 16. Qxd1 Qe6 17. Na3 a6 18. Nc2 Rac8 19. Nd4 Qxe5 20. Rc1 c5 21.
Ne2 cxb4 22. Rb1 bxc3 23. Rxb7 Rcd8 24. Bd4 Qe6 25. Bxc3 Rfe8 26. Nd4 Qg6 27.
Nc6 $2 Qxc6 0-1

[Event "Mechanics' Summer TNM; 30/90, SD/30"]
[Site "San Francisco"]
[Date "2012.07.10"]
[Round "8.27"]
[White "Otterbach, Renate"]
[Black "Hilliard, Michael"]
[Result "0-1"]
[WhiteElo "700"]
[BlackElo "1511"]
[PlyCount "54"]
[EventDate "2012.??.??"]

1. d4 d5 2. Nf3 Nf6 3. e3 e6 4. Bd3 c5 5. b3 Nc6 6. Bb2 Bd6 7. O-O O-O 8. Nbd2
Re8 9. c4 e5 10. Re1 e4 11. cxd5 Nb4 12. Bb5 Bd7 13. Bxd7 Nxd7 14. Ne5 Nxe5 15.
dxe5 Bxe5 16. Bxe5 Rxe5 17. Nc4 Rxd5 18. Qg4 f5 19. Qg3 Qf6 20. f3 Rad8 21.
Rab1 Rd3 22. fxe4 fxe4 23. Rf1 Qh6 24. Ne5 Qxe3+ 25. Qxe3 Rxe3 26. Rf7 Nd3 27.
Rbf1 Nxe5 0-1

[Event "Mechanics' Mar TNM; 30/90, SD/30"]
[Site "San Francisco"]
[Date "2012.09.04"]
[Round "6.29"]
[White "Otterbach, Renate"]
[Black "Hilliard, Michael"]
[Result "1-0"]
[WhiteElo "700"]
[BlackElo "1494"]
[PlyCount "45"]
[EventDate "2012.??.??"]

1. d4 d5 2. e3 e6 3. Bd3 c5 4. c3 Nc6 5. Nd2 Nf6 6. f4 Bd7 7. Ngf3 Bd6 8. Ne5
Qb6 9. O-O O-O 10. Qf3 cxd4 11. cxd4 Nxd4 12. exd4 Qxd4+ 13. Kh1 Bxe5 14. Nb3
Qb6 15. fxe5 Ne8 16. Qh3 g6 17. Be3 Qc7 18. Bd4 b6 19. Qh6 Ng7 20. Rf4 Ba4 21.
Rh4 Nh5 22. Rxh5 gxh5 23. Qxh7# 1-0

[Event "Mechanics' Mar TNM; 30/90, SD/30"]
[Site "San Francisco"]
[Date "2012.09.25"]
[Round "9.27"]
[White "Otterbach, Renate"]
[Black "Langrog, Alex"]
[Result "0-1"]
[WhiteElo "700"]
[BlackElo "1347"]
[PlyCount "62"]
[EventDate "2012.??.??"]

1. d4 d5 2. e3 Nf6 3. Bd3 Nc6 4. c3 Bg4 5. f3 Bh5 6. Nd2 e5 7. e4 Bd6 8. Qb3
Ne7 9. Ne2 Bg6 10. Qc2 c6 11. a4 O-O 12. b3 dxe4 13. Nxe4 Nxe4 14. fxe4 f5 15.
Bc4+ Kh8 16. Ng3 fxe4 17. Be3 Qc7 18. O-O-O exd4 19. Rxd4 Bxg3 20. Rhd1 Bf4 21.
Qe2 Bxe3+ 22. Qxe3 Nd5 23. Qg5 Qf4+ 24. Qxf4 Rxf4 25. Bxd5 cxd5 26. Rxd5 h6 27.
Rd7 Rf7 28. R7d6 Kh7 29. Re1 Raf8 30. Re2 Rf1+ 31. Kd2 R1f2 0-1

[Event "Mechanics' Mar TNM; 30/90, SD/30"]
[Site "San Francisco"]
[Date "2012.07.31"]
[Round "1.22"]
[White "Otterbach, Renate"]
[Black "Matsuda, Leo"]
[Result "0-1"]
[WhiteElo "700"]
[BlackElo "1814"]
[PlyCount "65"]
[EventDate "2012.??.??"]

1. d4 Nf6 2. Nf3 e6 3. e3 c5 4. c3 Nc6 5. Bd3 cxd4 6. cxd4 a6 7. a3 Be7 8. O-O
O-O 9. Nbd2 b5 10. b4 Bb7 11. Re1 d5 12. Ne5 Nd7 13. e4 Ndxe5 14. dxe5 Nxe5 15.
Bc2 dxe4 16. Bb2 Nd3 17. Re3 Nxb2 18. Qe2 Bg5 19. f4 exf3 20. Nxf3 Qf6 21. Re5
Bxf3 22. gxf3 Nc4 23. Re4 Qxa1+ 24. Kg2 Ne3+ 25. Rxe3 Bxe3 26. Qxe3 Qb2 27. Qd3
g6 28. Kg3 Rac8 29. Bd1 Rfd8 30. Qe4 Rxd1 31. Kh3 h5 32. Qf4 Rc4 33. Qg3 0-1

[Event "Mechanics' Winter TNM; 30/90, SD/30"]
[Site "?"]
[Date "2012.01.31"]
[Round "5.28"]
[White "Otterbach, Renate"]
[Black "Miller, David"]
[Result "0-1"]
[WhiteElo "841"]
[BlackElo "1771"]
[Annotator "Donaldson"]
[PlyCount "52"]
[EventDate "2012.01.31"]

1. e4 c5 2. c3 d5 3. exd5 Qxd5 4. c4 (4. d4 cxd4 5. cxd4) 4... Qe5+ 5. Be2 Bg4
6. f3 Bf5 7. g4 Bd7 8. Nh3 Nc6 9. d3 Nd4 10. Nc3 (10. Bf4 Nxf3+ 11. Kf2 Qxb2)
10... Nxf3+ 11. Kf1 (11. Kf2 Nd4) 11... Bxg4 $2 (11... Nxh2+ 12. Kg2 Bc6+ 13.
Ne4 Nxg4 14. Bxg4 f5) 12. Nf2 $1 Nxh2+ 13. Rxh2 $2 (13. Kg2 $1 Bd7 14. Rxh2 Nf6
) 13... Bxe2+ 14. Qxe2 Qxh2 15. Be3 e6 16. Qc2 Qc7 17. Nb5 Qd7 18. Ne4 a6 19.
Nxc5 Bxc5 20. Bxc5 axb5 21. cxb5 Ne7 22. Qc4 O-O 23. a4 Rfc8 24. d4 Nd5 25. Ke2
b6 26. Qd3 Nf4+ 0-1

[Event "Mechanics' Winter TNM; 30/90, SD/30"]
[Site "San Francisco"]
[Date "2012.01.03"]
[Round "1.18"]
[White "Otterbach, Renate"]
[Black "Newey, Richard"]
[Result "0-1"]
[WhiteElo "841"]
[BlackElo "1724"]
[PlyCount "70"]
[EventDate "2012.??.??"]

1. e4 c5 2. Nf3 d6 3. c3 Nc6 4. Bc4 e6 5. d3 Be7 6. Be3 Nf6 7. O-O O-O 8. Nbd2
a6 9. Rc1 b5 10. Bb3 Bb7 11. a3 Rc8 12. Ba2 Qa5 13. Nb3 Qc7 14. d4 c4 15. Nbd2
Na5 16. Bb1 Nb3 17. Nxb3 cxb3 18. Qxb3 Bxe4 19. Bxe4 Nxe4 20. Qc2 d5 21. Nd2
Nf6 22. b4 Ng4 23. g3 Nxe3 24. fxe3 Bg5 25. Nf3 Bxe3+ 26. Kh1 Bxc1 27. Rxc1 Qd6
28. Ne5 f6 29. Nd3 e5 30. Nc5 exd4 31. Qd3 dxc3 32. Rxc3 Rfe8 33. Ne4 Rxc3 34.
Nxc3 d4 35. Nxb5 Qd5+ 0-1

[Event "Mechanics' Mar TNM; 30/90, SD/30"]
[Site "San Francisco"]
[Date "2012.08.28"]
[Round "5.29"]
[White "Otterbach, Renate"]
[Black "Rubandas, Samprabhu"]
[Result "0-1"]
[WhiteElo "700"]
[BlackElo "1303"]
[PlyCount "32"]
[EventDate "2012.??.??"]

1. d4 d5 2. e3 e6 3. Bd3 Nf6 4. Nd2 c5 5. c3 Nc6 6. f4 Bd6 7. Ngf3 O-O 8. Ne5
cxd4 9. exd4 Qc7 10. Ndf3 Ne4 11. O-O f6 12. Re1 fxe5 13. Nxe5 Nxe5 14. dxe5
Bc5+ 15. Kh1 Nf2+ 16. Kg1 Nxd1+ 0-1

[Event "Mechanics' Fall TNM; 30/90, SD/30"]
[Site "?"]
[Date "2012.12.13"]
[Round "9.25"]
[White "Otterbach, Renate"]
[Black "Shnaiderman, Lazar"]
[Result "0-1"]
[WhiteElo "761"]
[BlackElo "1851"]
[PlyCount "76"]
[EventDate "2012.??.??"]

1. d4 Nf6 2. b3 d5 3. Bb2 e6 4. e3 Be7 5. Bd3 O-O 6. f4 b6 7. Nd2 Bb7 8. Ngf3
Nbd7 9. Qe2 Ne4 10. O-O-O a5 11. a4 Bb4 12. Kb1 Qe7 13. Ng5 Nxg5 14. fxg5 Qxg5
15. Nf3 Qe7 16. Rc1 f5 17. h4 Nf6 18. Ne5 Ne4 19. c3 Ba3 20. Ka2 Bxb2 21. Kxb2
Ng3 22. Qf2 Nxh1 23. Rxh1 c5 24. Qe2 cxd4 25. exd4 Rac8 26. Rg1 Rc7 27. g3 Rfc8
28. Rc1 Qf6 29. Ba6 Qe7 30. Bxb7 Rxb7 31. Qa6 Qc7 32. c4 Ra7 33. Qb5 Qd8 34. c5
bxc5 35. dxc5 Qf6 36. Rd1 Rac7 37. b4 axb4 38. Kb3 Rxc5 0-1

[Event "Mechanics' Winter TNM; 30/90, SD/30"]
[Site "San Francisco"]
[Date "2012.01.24"]
[Round "4.30"]
[White "Otterbach, Renate"]
[Black "Starr, Albert"]
[Result "0-1"]
[WhiteElo "841"]
[BlackElo "1519"]
[PlyCount "52"]
[EventDate "2012.??.??"]

1. e4 e5 2. Nf3 Nf6 3. Nc3 Bb4 4. Bc4 d6 5. d4 O-O 6. O-O exd4 7. Nxd4 Bxc3 8.
bxc3 Nxe4 9. Qd3 d5 10. Bb3 c5 11. f3 Nf6 12. c4 cxd4 13. Qxd4 Qb6 14. c5 Nc6
15. Qf2 Qb5 16. Bb2 Be6 17. Bxf6 gxf6 18. Qg3+ Kh8 19. Qd6 Rad8 20. a4 Qb4 21.
Qg3 Qxc5+ 22. Kh1 d4 23. Rac1 Bxb3 24. cxb3 Qe5 25. f4 Qe3 26. Rf3 Qxc1+ 0-1

[Event "Mechanics' Fall TNM; 30/90, SD/30"]
[Site "San Francisco"]
[Date "2012.10.16"]
[Round "1.24"]
[White "Otterbach, Renate"]
[Black "Woebcke, Carl"]
[Result "0-1"]
[WhiteElo "761"]
[BlackElo "1786"]
[PlyCount "62"]
[EventDate "2012.??.??"]

1. d4 d5 2. Nf3 e6 3. e3 c5 4. c3 Nf6 5. Bd3 Nc6 6. Nbd2 Bd6 7. O-O O-O 8. Re1
e5 9. e4 cxd4 10. a3 dxc3 11. bxc3 Bg4 12. Qb3 Qb6 13. Qc2 dxe4 14. Nxe4 Nxe4
15. Bxe4 Bxf3 16. Bxh7+ Kh8 17. Be4 Bg4 18. Be3 Qc7 19. Kh1 f5 20. Bd5 f4 21.
Bc1 Nd4 22. Qg6 Bf5 23. Qh5+ Bh7 24. cxd4 Qc3 25. Bb2 $1 Qxb2 26. Rad1 (26. Be4
$1 $18) 26... Rf5 27. Qh4 Rf6 28. Rg1 Rh6 29. Qg4 e4 30. g3 fxg3 31. f4 Qxh2#
0-1

[Event "Mechanics' Summer TNM; 30/90, SD/30"]
[Site "San Francisco"]
[Date "2012.06.05"]
[Round "3.15"]
[White "Persidsky, Andre"]
[Black "Allen, Tom"]
[Result "1-0"]
[WhiteElo "1861"]
[BlackElo "1450"]
[PlyCount "45"]
[EventDate "2012.??.??"]

1. d4 Nf6 2. c4 e5 3. d5 Bc5 4. Nc3 a6 5. e4 d6 6. Be2 Bd4 7. Bf3 c5 8. Nge2 b5
9. cxb5 axb5 10. Nxb5 Ba6 11. Nbxd4 cxd4 12. Bd2 Nbd7 13. b4 h6 14. Ng3 Nb6 15.
Be2 Nc4 16. O-O O-O 17. a4 Nb2 18. Qb3 Nxe4 19. Nxe4 Bxe2 20. Rfe1 d3 21. Qxb2
Rc8 22. Rac1 Qh4 23. Nxd6 1-0

[Event "Mechanics' Spring TNM; 30/90, SD/30"]
[Site "San Francisco"]
[Date "2012.04.10"]
[Round "5.21"]
[White "Persidsky, Andre"]
[Black "Allen, Tom"]
[Result "1-0"]
[WhiteElo "1795"]
[BlackElo "1521"]
[PlyCount "37"]
[EventDate "2012.??.??"]

1. d4 Nf6 2. c4 e5 3. dxe5 Ng4 4. Nf3 Bc5 5. e3 Nc6 6. Be2 Ngxe5 7. Nc3 Nxf3+
8. Bxf3 Ne5 9. Be2 Qh4 10. b3 a5 11. O-O Ra6 12. Qd5 Qe7 13. Qe4 Ng6 14. Qxe7+
Bxe7 15. Nd5 Bd6 16. Bb2 c6 17. c5 O-O 18. Bxa6 Bxh2+ 19. Kxh2 1-0

[Event "Mechanics' Winter TNM; 30/90, SD/30"]
[Site "San Francisco"]
[Date "2012.01.31"]
[Round "5.10"]
[White "Persidsky, Andre"]
[Black "Banik, Siddharth"]
[Result "1/2-1/2"]
[WhiteElo "1795"]
[BlackElo "1998"]
[PlyCount "99"]
[EventDate "2012.??.??"]

1. d4 Nf6 2. c4 e6 3. Nc3 Bb4 4. Nf3 O-O 5. e3 c5 6. Bd3 b6 7. O-O cxd4 8. exd4
d5 9. Bg5 dxc4 10. Bxc4 Bb7 11. Ne5 Nc6 12. Bxf6 gxf6 13. Nxc6 Bxc6 14. a3 Bxc3
15. bxc3 Rc8 16. Bd3 Qd5 17. f3 Kh8 18. Qe1 Qg5 19. Be4 Bb5 20. Rf2 Rg8 21. f4
Qh6 22. Rc1 Rc7 23. Rf3 f5 24. Bb1 Bc6 25. Rf2 Qg7 26. g3 h5 27. Qe2 h4 28. Kf1
h3 29. Qe5 Qxe5 30. fxe5 Bg2+ 31. Ke2 Rgc8 32. Kd2 b5 33. Bd3 Rb8 34. Bf1 Bxf1
35. Rfxf1 Rbc8 36. Rf3 a5 37. Rb1 Rb7 38. Rb3 Rc4 39. Rf4 Kg7 40. Rf1 b4 41.
axb4 axb4 42. Kd3 Rbc7 43. Rc1 bxc3 44. Rbxc3 Rxc3+ 45. Rxc3 Rxc3+ 46. Kxc3 Kg6
47. Kd3 Kg5 48. Ke2 Kh5 49. Kf3 Kg5 50. Ke2 1/2-1/2

[Event "Mechanics' Winter TNM; 30/90, SD/30"]
[Site "San Francisco"]
[Date "2012.01.03"]
[Round "1.15"]
[White "Persidsky, Andre"]
[Black "Bayaraa, Chingun"]
[Result "1-0"]
[WhiteElo "1795"]
[BlackElo "1355"]
[PlyCount "53"]
[EventDate "2012.??.??"]

1. d4 d5 2. Nf3 Nf6 3. c4 e6 4. e3 c5 5. cxd5 Nxd5 6. Bd3 Nc6 7. O-O Bd6 8. a3
O-O 9. dxc5 Bxc5 10. Qc2 Nf6 11. Bxh7+ Nxh7 12. Qxc5 g6 13. Qc2 Qe7 14. b4 a6
15. Bb2 e5 16. Nc3 Nf6 17. e4 Rd8 18. Rad1 Bg4 19. Nd5 Nxd5 20. exd5 Bxf3 21.
gxf3 Na7 22. Qe4 Re8 23. Rfe1 Qd6 24. f4 f5 25. Qf3 e4 26. Qc3 Re7 27. Qh8+ 1-0

[Event "Mechanics' Summer TNM; 30/90, SD/30"]
[Site "San Francisco"]
[Date "2012.07.03"]
[Round "7.16"]
[White "Persidsky, Andre"]
[Black "Cole, Tony"]
[Result "1-0"]
[WhiteElo "1861"]
[BlackElo "1547"]
[PlyCount "61"]
[EventDate "2012.??.??"]

1. d4 d5 2. Nf3 Nf6 3. Bg5 Ne4 4. Bh4 Bf5 5. e3 a6 6. Bd3 Nc6 7. a3 Qd6 8. c4
dxc4 9. Bxc4 O-O-O 10. Nc3 f6 11. Bd3 Nxc3 12. Bxf5+ e6 13. Bxe6+ Qxe6 14. bxc3
Qc4 15. Qc2 g5 16. Bg3 Bd6 17. Nd2 Qd5 18. e4 Qf7 19. Bxd6 Rxd6 20. O-O Na5 21.
Rab1 Qh5 22. f3 Rb6 23. Rxb6 cxb6 24. Qa4 g4 25. Qb4 gxf3 26. Nxf3 Rg8 27. Qxb6
Rg6 28. d5 Qh3 29. g3 f5 30. d6 Rg7 31. Qxa5 1-0

[Event "Mechanics' Fall TNM; 30/90, SD/30"]
[Site "San Francisco"]
[Date "2012.10.30"]
[Round "3.22"]
[White "Persidsky, Andre"]
[Black "Flores, David"]
[Result "0-1"]
[WhiteElo "1862"]
[BlackElo "1539"]
[PlyCount "62"]
[EventDate "2012.??.??"]

1. d4 c5 2. d5 Nf6 3. c4 e6 4. Nc3 exd5 5. cxd5 g6 6. Nf3 Bg7 7. g3 O-O 8. Bg2
d6 9. O-O Re8 10. Re1 Na6 11. Bf4 Nc7 12. Nd2 Nh5 13. Qa4 Bd7 14. Qc4 b5 15.
Qd3 Nxf4 16. gxf4 b4 17. Nce4 Bf5 18. Nc4 Nb5 19. a4 bxa3 20. Nxa3 Nxa3 21.
Rxa3 Bxb2 22. Ra6 Bg7 23. Qc4 Bxe4 24. Bxe4 Qe7 25. Bg2 Rab8 26. Qa2 Rb2 27.
Qa4 Rxe2 28. Rf1 Bd4 29. Rxa7 Qf6 30. Qd7 Qxf4 31. Kh1 Re1 0-1

[Event "Mechanics' Spring TNM; 30/90, SD/30"]
[Site "San Francisco"]
[Date "2012.03.27"]
[Round "3.24"]
[White "Persidsky, Andre"]
[Black "Flores, David"]
[Result "1-0"]
[WhiteElo "1795"]
[BlackElo "1588"]
[Annotator "Donaldson"]
[PlyCount "87"]
[EventDate "2012.??.??"]

1. d4 d5 2. c4 e6 3. Nc3 Nf6 4. Nf3 Ne4 5. e3 f5 6. Bd3 Be7 7. O-O O-O 8. Ne5
Nd7 9. Nxd7 Qxd7 10. Ne2 Bh4 11. f3 Nd6 12. c5 Nf7 13. f4 Bf6 14. Kh1 Kh8 15.
Ng1 g5 16. fxg5 Nxg5 17. Nf3 Ne4 18. Bxe4 dxe4 19. Nd2 b6 20. Qc2 Ba6 21. Rf2
Qg7 22. b4 Rg8 23. Bb2 Rae8 24. Nc4 Qg5 25. Re1 Qh5 26. Rff1 Re7 27. a4 b5 28.
Na3 bxa4 29. b5 Bc8 30. Nc4 h6 31. Ra1 Kh7 $2 (31... Rg4 32. Rxa4 Reg7 $14) 32.
Rxa4 Bd7 33. c6 Be8 34. Rxa7 Reg7 35. Rg1 Qh3 36. Ra8 $2 (36. Rxc7 $1) 36...
Qh4 $2 (36... Rg5 $1 {intending ...Qxh2+ mating.}) 37. b6 cxb6 38. Nd6 Bd8 $2 (
38... Rxg2 39. Qxg2 (39. Rxg2 $4 Qe1+) 39... Rxg2 40. Rxg2 $16) 39. Nxe8 Rxe8
40. d5 exd5 41. Bxg7 Kxg7 42. c7 Bxc7 43. Qxc7+ Re7 44. Qd8 1-0

[Event "Mechanics' Winter TNM; 30/90, SD/30"]
[Site "San Francisco"]
[Date "2012.01.24"]
[Round "4.6"]
[White "Persidsky, Andre"]
[Black "Goins, Demetrius"]
[Result "1/2-1/2"]
[WhiteElo "1795"]
[BlackElo "2100"]
[PlyCount "92"]
[EventDate "2012.??.??"]

1. d4 d5 2. c4 e6 3. Nc3 Nf6 4. e3 Nbd7 5. Nf3 c6 6. Bd3 Bd6 7. O-O O-O 8. Qe2
e5 9. dxe5 Nxe5 10. Nxe5 Bxe5 11. h3 Re8 12. cxd5 cxd5 13. Bb5 Bd7 14. Rd1 a6
15. Bxd7 Qxd7 16. Qd3 Rad8 17. Ne2 Qa4 18. Nd4 Bb8 19. b3 Qa5 20. Bb2 Ne4 21.
Nf3 Qc7 22. Rac1 Qd6 23. Qe2 Kf8 24. Bd4 Kg8 25. Qb2 f6 26. Kf1 Qe6 27. Qe2 Qf5
28. Kg1 Qh5 29. Bb6 Rd7 30. Nd4 Qxe2 31. Nxe2 Kf7 32. Nc3 Rc8 33. Nxe4 Rxc1 34.
Ng5+ fxg5 35. Rxc1 Be5 36. Kf1 Ke6 37. Ke2 Rd6 38. Bc7 Rc6 39. Rxc6+ bxc6 40.
Bxe5 Kxe5 41. Kd3 c5 42. f3 a5 43. g3 g6 44. a3 h6 45. Kc3 h5 46. Kd3 Ke6
1/2-1/2

[Event "Mechanics' Summer TNM; 30/90, SD/30"]
[Site "San Francisco"]
[Date "2012.06.19"]
[Round "5.17"]
[White "Persidsky, Andre"]
[Black "Graeber, Marie"]
[Result "1-0"]
[WhiteElo "1861"]
[BlackElo "1424"]
[PlyCount "75"]
[EventDate "2012.??.??"]

1. d4 d5 2. c4 c6 3. Nc3 Nf6 4. e3 Nbd7 5. Nf3 e6 6. Bd3 dxc4 7. Bxc4 b5 8. Bd3
Bb7 9. a3 Be7 10. O-O O-O 11. e4 c5 12. e5 cxd4 13. exf6 Bxf3 14. Qxf3 Ne5 15.
Bxh7+ Kxh7 16. Qh5+ Kg8 17. fxe7 Qxe7 18. Qxe5 dxc3 19. Qxc3 a6 20. b4 Rac8 21.
Qb2 Rc6 22. Be3 Qb7 23. Rac1 Rc4 24. Rxc4 bxc4 25. Rc1 Qd5 26. Bc5 Rd8 27. h3
Rb8 28. Qc3 a5 29. Qxc4 axb4 30. axb4 Ra8 31. Qxd5 exd5 32. Rd1 Rd8 33. Kf1 f6
34. Ke2 Kf7 35. b5 Rd7 36. b6 Ke6 37. Kd3 Kf7 38. Re1 1-0

[Event "Mechanics' Winter TNM; 30/90, SD/30"]
[Site "San Francisco"]
[Date "2012.02.14"]
[Round "7.5"]
[White "Persidsky, Andre"]
[Black "McCann, Jeff"]
[Result "1/2-1/2"]
[WhiteElo "1795"]
[BlackElo "2058"]
[PlyCount "101"]
[EventDate "2012.??.??"]

1. d4 e6 2. c4 d5 3. Nc3 c6 4. e3 f5 5. Nf3 Nf6 6. Bd3 Bd6 7. Ne5 O-O 8. O-O b6
9. cxd5 exd5 10. Qc2 Qe7 11. f4 Ne4 12. Bd2 Bb7 13. a3 Nd7 14. Rac1 Rfc8 15.
Qd1 Ndf6 16. Be1 Nxc3 17. Bxc3 Ne4 18. Qh5 g6 19. Qh6 Qf8 20. Qh3 Rc7 21. Rc2
Nxc3 22. Rxc3 c5 23. Rfc1 Rac8 24. Qg3 Rg7 25. Qf2 c4 26. Be2 b5 27. Bf3 b4 28.
axb4 Bxb4 29. R3c2 Rd8 30. g3 Qd6 31. Ra1 a5 32. Qg2 Ba6 33. h4 Bc8 34. Rac1
Be6 35. Bd1 a4 36. Ra1 a3 37. bxa3 Bxa3 38. Rca2 Ra7 39. Qc2 Rb8 40. Rb1 Rab7
41. Rxb7 Rxb7 42. Qa4 Bc1 43. Kf2 Rb2+ 44. Rxb2 Bxb2 45. Qa8+ Qf8 46. Qa6 Qc8
47. Qxc8+ Bxc8 48. Nc6 Bb7 49. Na5 Ba8 50. Bf3 c3 51. Bd1 1/2-1/2

[Event "Mechanics' Spring TNM; 30/90, SD/30"]
[Site "San Francisco"]
[Date "2012.04.24"]
[Round "7.13"]
[White "Persidsky, Andre"]
[Black "Shnaiderman, Lazar"]
[Result "1/2-1/2"]
[WhiteElo "1795"]
[BlackElo "1873"]
[PlyCount "60"]
[EventDate "2012.??.??"]

1. d4 Nf6 2. c4 e6 3. Nc3 Bb4 4. Nf3 c5 5. e3 O-O 6. Bd3 d5 7. O-O dxc4 8. Bxc4
cxd4 9. exd4 Nbd7 10. Bd3 b6 11. Bg5 Bb7 12. Rc1 Rc8 13. Be4 Bxe4 14. Nxe4 Be7
15. Ng3 Nd5 16. Qd2 Bxg5 17. Nxg5 N7f6 18. a3 Qd7 19. Nf3 Rxc1 20. Rxc1 Rc8 21.
Ne5 Rxc1+ 22. Qxc1 Qc7 23. Qxc7 Nxc7 24. Kf1 Kf8 25. Ke2 a6 26. Kd3 Ncd5 27.
Ne2 Ke7 28. g3 Ne8 29. Nc3 Nec7 30. Ne4 f6 1/2-1/2